Statistiques concernant Personnages de fiction en images - U

Cliquez ici pour prendre le quiz!

Statistiques générales

  • Ce quiz a été pris 10 120 fois
  • Le résultat moyen est 5 sur 16

Statistiques - réponses

Réponse% Correct
Ursula
92%
Ulysse
76%
Ultron
57%
Usopp
56%
Uranus
41%
Ursaring
35%
Ulrich Stern
25%
Ultraman
17%
Ursule
14%
Uther Pendragon
11%
Uriel
9%
Undyne
8%
Unikitty
8%
Ungoliant
4%
Ubik
3%
Unicron
3%

Distribution des résultats

Percentile par nombre de réponses

% des personnes avec chaque résultat

Votre développement - résultats

Vous n’avez pas pris ce quiz